[Event "EU-ch Online U2300 Qual"]
[Site "Chess.com INT"]
[Date "2020.05.25"]
[Round "2"]
[White "Hasanagic, Anel"]
[Black "Gardet, Thomas"]
[Result "1-0"]
[WhiteElo "2235"]
[BlackElo "2023"]
[PlyCount "111"]
[EventDate "2020.05.25"]
[EventType "swiss"]
[EventRounds "8"]
[EventCountry "NET"]
[SourceTitle "EXT 2021"]
[Source "ChessBase"]
[SourceDate "2020.10.23"]
[SourceVersion "1"]
[SourceVersionDate "2020.10.23"]
[SourceQuality "1"]

1. e4 c5 2. c3 Nf6 3. e5 Nd5 4. Nf3 Nc6 5. Bc4 e6 6. 0-0 d6 7. Bxd5 exd5 8. Re1 Be7 9. exd6 Qxd6 10. d4 0-0 11. dxc5 Qxc5 12. Nbd2 Bg4 13. h3 Bh5 14. Nb3 Qd6 15. Be3 b6 16. Nbd4 Bf6 17. Nf5 Qd7 18. Ng3 Bg6 19. Qd2 Rad8 20. Rad1 Qc7 21. Bg5 Bxg5 22. Qxg5 h6 23. Qg4 Rfe8 24. Rxe8+ Rxe8 25. Rxd5 Na5 26. Qd7 Rc8 27. Qxc7 Rxc7 28. Ne5 Bb1 29. a3 f6 30. Nf3 Nc4 31. Rb5 Bd3 32. Ne1 Bg6 33. f3 Be8 34. Rd5 Nxb2 35. Rd8 Kf7 36. Ne4 Ke7 37. Rd2 Nc4 38. Re2 Nxa3 39. Nxf6+ Kxf6 40. Rxe8 Rxc3 41. Ra8 Nb5 42. Kf2 Ra3 43. Ke2 Ra2+ 44. Kd3 Nd6 45. Nc2 b5 46. g4 Ke6 47. f4 Kd5 48. f5 a5 49. Kc3 a4 50. Nb4+ Kc5 51. Nxa2 Ne4+ 52. Kc2 Nf2 53. Rc8+ Kd4 54. Rg8 Nxh3 55. Rxg7 Nf2 56. f6 1-0

[Event "FRA-ch Accession"]
[Site "Agen"]
[Date "2017.08.27"]
[Round "9"]
[White "De Lussac, Rainier"]
[Black "Gardet, Thomas"]
[Result "1-0"]
[WhiteElo "2149"]
[BlackElo "2007"]
[PlyCount "53"]
[EventDate "2017.08.19"]
[EventType "swiss"]
[EventRounds "9"]
[EventCountry "FRA"]
[SourceTitle "EXT 2019"]
[Source "ChessBase"]
[SourceDate "2018.10.10"]
[SourceVersion "1"]
[SourceVersionDate "2018.10.10"]
[SourceQuality "1"]

1. d4 Nf6 2. Nf3 g6 3. c4 Bg7 4. g3 0-0 5. Bg2 d6 6. 0-0 Nbd7 7. Nc3 e5 8. e4 exd4 9. Nxd4 Re8 10. h3 a6 11. Re1 Rb8 12. Kh2 c5 13. Nc2 Ne5 14. Bf1 Be6 15. f4 Nxc4 16. f5 gxf5 17. exf5 Nxb2 18. Bxb2 Bxf5 19. Rxe8+ Qxe8 20. Bg2 Qd7 21. Ne3 Be6 22. Rb1 Re8 23. Ncd5 Nxd5 24. Nxd5 b5 25. Nf6+ Bxf6 26. Bxf6 Bxa2 27. Qh5 1-0

[Event "FRA-ch Accession"]
[Site "Agen"]
[Date "2017.08.19"]
[Round "4"]
[White "Pottier, Alexandre"]
[Black "Gardet, Thomas"]
[Result "1/2-1/2"]
[WhiteElo "2127"]
[BlackElo "2007"]
[PlyCount "106"]
[EventDate "2017.08.19"]
[EventType "swiss"]
[EventRounds "9"]
[EventCountry "FRA"]
[SourceTitle "EXT 2019"]
[Source "ChessBase"]
[SourceDate "2018.10.10"]
[SourceVersion "1"]
[SourceVersionDate "2018.10.10"]
[SourceQuality "1"]

1. Nf3 Nf6 2. e3 g6 3. b3 Bg7 4. Bb2 0-0 5. c4 c6 6. Be2 d5 7. 0-0 Nbd7 8. Na3 Re8 9. cxd5 cxd5 10. Qc2 a6 11. d4 Nb8 12. Rac1 Nc6 13. Ne5 Nxe5 14. dxe5 Ng4 15. Bxg4 Bxg4 16. Qc7 Qd7 17. Qxd7 Bxd7 18. Rfd1 Be6 19. f4 Rac8 20. Nc2 Bf5 21. Nd4 Bg4 22. Nf3 Rxc1 23. Rxc1 Rc8 24. Rxc8+ Bxc8 25. Kf2 Bf5 26. Ke2 f6 27. exf6 exf6 28. Bd4 Kf7 29. Kd2 Be4 30. Ne1 h5 31. g3 Bf8 32. Nd3 Ke6 33. Nf2 Bf3 34. Kc3 Bd6 35. b4 Be2 36. a3 g5 37. Bb6 h4 38. Kd4 hxg3 39. hxg3 Bb8 40. Bc5 Bc7 41. Kc3 Bb5 42. Bd4 Bd6 43. Ng4 Be7 44. Nh6 f5 45. g4 fxg4 46. f5+ Kd7 47. Nxg4 Be2 48. Ne5+ Ke8 49. Kd2 Bh5 50. Kd3 Bf6 51. e4 Bxe5 52. Bxe5 Bf3 53. exd5 Bxd5 1/2-1/2